000 01673nam a2200289 4500
001 114130
003 DR-UNIBE
005 20251002105611.0
008 251002b2017 dr ||||| |||| 00| 1 spa d
020 _a9789945603354
040 _aBIBLIOTECA UNIBE
_cBIBLIOTECA UNIBE
_bspa
_erda
041 _aspa
090 _aFBIU-PUCMM CI T781
245 1 0 _aTravesuras de la imaginación :
_bcuentos e ilustraciones de niños y niñas dominicanos /
_cpresentación: Dulce Rodríguez ; coordinación de lengua española: Norma Mena ; edición: Denise Ocampo ; diseño de portada, diagramación y cuidado de ilustraciones: Juan José Vásquez
250 _aPrimera edición
260 _aSantiago de los Caballeros :
_b Pontificia Universidad Católica Madre y Maestra (PUCMM) :
_bCentro de Investigación y Desarrollo Humano, (CIEDI-Humano),
_c2017
300 _avi, 226 páginas :
_bilustraciones ;
_c27 x 20 cm
490 _aCIED-Humano. Cuentos infantiles
500 _aIncluye fotos de los niños escritores de los grados de primero a sexto del nivel primario de las escuelas de los distritos educativos 13-01, 14-02 y 16-02 ganadores del concurso de cuentos para desarrollar las competencias de lectura y escritura. En la contraportada interna se lee los nombres de los jurados
653 7 _aCuentos infantiles dominicanos
653 7 _aLiteratura infantil dominicana
700 1 0 _aRodríguez, Dulce
_9199529
_epresentación
700 1 0 _aMena, Norma
_9196965
_ecoordinador de lengua española
700 1 0 _aOcampo, Denise
_9199530
_eeditor
700 1 0 _aVásquez, Juan José
_9199531
_ediseñador de portada
_ediagramador
_ecuidado de las ilustraciones
942 _2ddc
_cBK
999 _c114130
_d114130